[Event "Florianopolis Winter op 6th"]
[Site "Florianopolis"]
[Date "2022.07.16"]
[Round "7"]
[White "Goncalves, Ruan Lucas Alves"]
[Black "Dauer, Andre Leonardo"]
[Result "1/2-1/2"]
[WhiteElo "1973"]
[BlackElo "1883"]
[PlyCount "102"]
[EventDate "2022.07.13"]
[EventType "swiss"]
[EventRounds "9"]
[EventCountry "BRA"]
[SourceTitle "CBM 209 Extra"]
[Source "ChessBase"]
[SourceDate "2022.09.30"]
[SourceVersion "1"]
[SourceVersionDate "2022.09.30"]
[SourceQuality "1"]

1. e4 e6 2. d4 d5 3. Nd2 c5 4. Ngf3 Nf6 5. e5 Nfd7 6. c3 Nc6 7. Bd3 Qb6 8. dxc5 Bxc5 9. Qe2 Qc7 10. Nb3 Be7 11. Bf4 g5 12. Nxg5 Ncxe5 13. 0-0 Bxg5 14. Bxg5 Nxd3 15. Qxd3 f6 16. Bh4 Ne5 17. Qe2 0-0 18. Rae1 Qc4 19. Qh5 Ng6 20. Bg3 e5 21. f4 exf4 22. Bf2 b6 23. Bd4 Bd7 24. h4 Kg7 25. Rxf4 Qc6 26. Rf3 Rae8 27. Rxe8 Bxe8 28. Qg5 h6 29. Qg3 Kh7 30. h5 Ne7 31. Qh4 Ng8 32. Nc1 Qe6 33. Nd3 Bd7 34. Rg3 Qf5 35. Nf4 Re8 36. Rg6 Qb1+ 37. Kh2 Re1 38. Qf2 Rh1+ 39. Kg3 Qf5 40. Qf3 Re1 41. Qxd5 Qxd5 42. Nxd5 Be8 43. Nxf6+ Nxf6 44. Rxf6 Bxh5 45. Rc6 Re7 46. Kf4 Bf7 47. a3 Bd5 48. Rc8 Kg6 49. Be5 Rf7+ 50. Ke3 Kf5 51. Kd4 Bxg2 1/2-1/2

[Event "Florianopolis Winter op 6th"]
[Site "Florianopolis"]
[Date "2022.07.15"]
[Round "5"]
[White "Do Valle Cardoso, Lucas"]
[Black "Goncalves, Ruan Lucas Alves"]
[Result "1-0"]
[WhiteElo "2185"]
[BlackElo "1973"]
[PlyCount "69"]
[EventDate "2022.07.13"]
[EventType "swiss"]
[EventRounds "9"]
[EventCountry "BRA"]
[SourceTitle "CBM 209 Extra"]
[Source "ChessBase"]
[SourceDate "2022.09.30"]
[SourceVersion "1"]
[SourceVersionDate "2022.09.30"]
[SourceQuality "1"]

1. e4 c5 2. Nf3 Nc6 3. Nc3 Nf6 4. Bb5 g6 5. 0-0 Bg7 6. e5 Ng4 7. Bxc6 dxc6 8. Re1 0-0 9. d3 b6 10. Bf4 Nh6 11. Qd2 Nf5 12. Ne4 Nd4 13. Nxd4 cxd4 14. Bh6 c5 15. h4 Bb7 16. h5 Qd5 17. Bxg7 Kxg7 18. Qf4 Qc6 19. f3 h6 20. e6 Qd5 21. Ng3 g5 22. Qf5 Qxf5 23. Nxf5+ Kf6 24. Nxh6 fxe6 25. Ng4+ Kf7 26. Re5 Rab8 27. Rxg5 Rg8 28. Rxg8 Kxg8 29. h6 Kf7 30. Kf2 Bd5 31. a3 Kg6 32. Re1 Rf8 33. c4 dxc3 34. bxc3 b5 35. c4 1-0

[Event "Timbo op 2nd"]
[Site "Timbo"]
[Date "2022.02.19"]
[Round "4"]
[White "Umetsubo, Cesar Hidemitsu"]
[Black "Goncalves, Ruan Lucas Alves"]
[Result "1-0"]
[WhiteElo "2402"]
[BlackElo "1963"]
[PlyCount "97"]
[EventDate "2022.02.17"]
[EventType "swiss"]
[EventRounds "7"]
[EventCountry "BRA"]
[SourceTitle "EXT 2023"]
[Source "ChessBase"]
[SourceDate "2022.10.05"]
[SourceVersion "1"]
[SourceVersionDate "2022.10.05"]
[SourceQuality "1"]

1. d4 Nf6 2. c4 g6 3. Nc3 Bg7 4. g3 0-0 5. Bg2 d6 6. Nf3 Nc6 7. 0-0 a6 8. d5 Na5 9. Nd2 c5 10. Qc2 Rb8 11. b3 b5 12. Bb2 Qb6 13. Rab1 Nd7 14. Nd1 Ne5 15. f4 Ng4 16. Bxg7 Kxg7 17. h3 Nf6 18. e4 e5 19. Nf2 Ne8 20. Nd3 f6 21. Rf2 Rb7 22. Rbf1 Rbf7 23. Qc3 b4 24. Qa1 Qc7 25. Nf3 h6 26. fxe5 fxe5 27. Nfxe5 dxe5 28. Rxf7+ Rxf7 29. Rxf7+ Kxf7 30. Nxe5+ Kg8 31. Nxg6 Qg7 32. Qxg7+ Kxg7 33. Nf4 Kf6 34. Kf2 Nb7 35. Nd3 Ng7 36. e5+ Kf7 37. g4 h5 38. Bf3 hxg4 39. hxg4 a5 40. Ke3 a4 41. bxa4 Na5 42. Nxc5 Nxc4+ 43. Kd4 Na5 44. Bd1 Ke8 45. Nd3 Ba6 46. Nxb4 Bf1 47. Nd3 Nb7 48. Nf4 Kd7 49. Nh5 1-0

[Event "Santa Catarina-ch 64th "]
[Site "Lages"]
[Date "2020.02.16"]
[Round "6"]
[White "Bueno, Alfeu Varela Jr"]
[Black "Goncalves, Ruan Lucas Alves"]
[Result "1-0"]
[WhiteElo "2137"]
[BlackElo "1976"]
[PlyCount "57"]
[EventDate "2020.02.14"]
[EventType "swiss"]
[EventRounds "6"]
[EventCountry "BRA"]
[SourceTitle "CBM 195 Extra"]
[Source "ChessBase"]
[SourceDate "2020.05.31"]
[SourceVersion "1"]
[SourceVersionDate "2020.05.31"]
[SourceQuality "1"]

1. e4 c5 2. Nc3 Nc6 3. f4 g6 4. Nf3 Bg7 5. Bb5 Nd4 6. 0-0 Nxb5 7. Nxb5 d6 8. Nc3 a6 9. d3 b5 10. Qe1 Nf6 11. Qh4 Bb7 12. e5 Nd5 13. Ne4 Nb4 14. Qf2 c4 15. a3 Bxe4 16. dxe4 Nc6 17. Rd1 Qc7 18. exd6 exd6 19. c3 0-0 20. f5 Ne5 21. Nxe5 Bxe5 22. Rd5 Rab8 23. Bf4 Rfe8 24. Rad1 Re7 25. Qh4 Rbe8 26. f6 Re6 27. Bg5 Qd8 28. Rf1 h6 29. Rxe5 1-0

[Event "Santa Catarina-ch 64th "]
[Site "Lages"]
[Date "2020.02.14"]
[Round "2"]
[White "Machado, Luiz Fernando"]
[Black "Goncalves, Ruan Lucas Alves"]
[Result "1/2-1/2"]
[WhiteElo "1552"]
[BlackElo "1976"]
[PlyCount "68"]
[EventDate "2020.02.14"]
[EventType "swiss"]
[EventRounds "6"]
[EventCountry "BRA"]
[SourceTitle "CBM 195 Extra"]
[Source "ChessBase"]
[SourceDate "2020.05.31"]
[SourceVersion "1"]
[SourceVersionDate "2020.05.31"]
[SourceQuality "1"]

1. e4 c5 2. Nf3 Nc6 3. d4 cxd4 4. Nxd4 g6 5. Nc3 Bg7 6. Be3 Nf6 7. f3 0-0 8. Bc4 Qa5 9. Nb3 Qc7 10. Qd2 Ne5 11. Be2 a6 12. Bh6 b5 13. h4 Nc4 14. Bxc4 bxc4 15. Bxg7 Kxg7 16. Nd4 Rb8 17. 0-0-0 Qb7 18. b3 cxb3 19. cxb3 d6 20. h5 Qb4 21. hxg6 fxg6 22. Qh6+ Kg8 23. Nd5 Qa3+ 24. Kb1 Rf7 25. Qg5 Nxd5 26. Qxd5 Bb7 27. Qc4 Qc5 28. Qxc5 dxc5 29. Ne6 Rf6 30. Nxc5 Bc6 31. Nd7 Bxd7 32. Rxd7 Re6 33. Rc1 Kf7 34. Kb2 Rb5 1/2-1/2

[Event "Florianopolis op 6th"]
[Site "Florianopolis"]
[Date "2020.01.26"]
[Round "10"]
[White "Guimaraes, Wagner Peixoto"]
[Black "Goncalves, Ruan Lucas Alves"]
[Result "1-0"]
[WhiteElo "2230"]
[BlackElo "1966"]
[PlyCount "47"]
[EventDate "2020.01.20"]
[EventType "swiss"]
[EventRounds "10"]
[EventCountry "BRA"]
[SourceTitle "CBM 194 Extra"]
[Source "ChessBase"]
[SourceDate "2020.03.31"]
[SourceVersion "1"]
[SourceVersionDate "2020.03.31"]
[SourceQuality "1"]

1. d4 Nf6 2. c4 g6 3. Nc3 Bg7 4. e4 d6 5. Nf3 0-0 6. h3 c5 7. d5 e6 8. Bd3 exd5 9. exd5 Re8+ 10. Be3 a6 11. 0-0 Nbd7 12. Qd2 Rb8 13. a4 Qa5 14. Bh6 Bh8 15. Rfe1 Ne5 16. Nxe5 dxe5 17. f4 Nd7 18. f5 Qb4 19. d6 Qb6 20. fxg6 hxg6 21. Bxg6 fxg6 22. Qd5+ Kh7 23. Qf7+ Kxh6 24. Qxe8 1-0

[Event "Florianopolis op 6th"]
[Site "Florianopolis"]
[Date "2020.01.21"]
[Round "3"]
[White "Silva, Guilherme Henrique"]
[Black "Goncalves, Ruan Lucas Alves"]
[Result "0-1"]
[WhiteElo "1697"]
[BlackElo "1966"]
[PlyCount "69"]
[EventDate "2020.01.20"]
[EventType "swiss"]
[EventRounds "10"]
[EventCountry "BRA"]
[SourceTitle "CBM 194 Extra"]
[Source "ChessBase"]
[SourceDate "2020.03.31"]
[SourceVersion "1"]
[SourceVersionDate "2020.03.31"]
[SourceQuality "1"]

1. d4 Nf6 2. c4 g6 3. Nf3 Bg7 4. g3 0-0 5. Bg2 d6 6. 0-0 Nc6 7. Nc3 a6 8. b3 Rb8 9. Bb2 b5 10. cxb5 axb5 11. e3 b4 12. Ne2 Be6 13. Re1 Na5 14. Qc2 c6 15. Nd2 Qb6 16. Rac1 Rfc8 17. Nc4 Nxc4 18. bxc4 b3 19. axb3 Qxb3 20. Ba1 c5 21. Bf1 Nd7 22. Qxb3 Rxb3 23. dxc5 Rxc5 24. Bxg7 Kxg7 25. Nf4 Ne5 26. Be2 Bxc4 27. Red1 Bxe2 28. Nxe2 Rxc1 29. Rxc1 Rb2 30. Nf4 g5 31. Nd5 e6 32. Nc3 d5 33. Rb1 Rc2 34. Nb5 Nc4 35. Nd4 0-1

[Event "BRA-ch Regional Sul"]
[Site "Lages"]
[Date "2019.10.20"]
[Round "5"]
[White "Baldussi Fernandes, Bruno Mendonca"]
[Black "Goncalves, Ruan Lucas Alves"]
[Result "0-1"]
[WhiteElo "1828"]
[BlackElo "1959"]
[PlyCount "84"]
[EventDate "2019.10.18"]
[EventType "swiss"]
[EventRounds "5"]
[EventCountry "BRA"]
[SourceTitle "CBM 195 Extra"]
[Source "ChessBase"]
[SourceDate "2020.05.31"]
[SourceVersion "1"]
[SourceVersionDate "2020.05.31"]
[SourceQuality "1"]

1. e4 c5 2. c3 Nf6 3. e5 Nd5 4. d4 e6 5. c4 Nb6 6. d5 d6 7. exd6 Bxd6 8. Nc3 0-0 9. Nf3 exd5 10. cxd5 Re8+ 11. Be2 N8d7 12. 0-0 Nf6 13. Bg5 h6 14. Bh4 g5 15. Nxg5 hxg5 16. Bxg5 Bf8 17. Bd3 Bg7 18. Qf3 Re5 19. Qg3 Nbd7 20. f4 Re8 21. d6 c4 22. Bxc4 Qb6+ 23. Kh1 Qxd6 24. Rad1 Qc5 25. Bb3 Qf5 26. Nd5 Nxd5 27. Rxd5 Qh7 28. f5 Nb6 29. Rd6 Bxf5 30. Bh6 Be6 31. Bxg7 Qxg7 32. Qd3 Bxb3 33. Qxb3 Re2 34. Qf3 Rae8 35. Rf6 Re1 36. Kg1 Rxf1+ 37. Kxf1 Re6 38. Rf4 Qe5 39. Rg4+ Kf8 40. Qa3+ Re7 41. Kf2 Qe1+ 42. Kf3 Nc4 0-1

[Event "Sao Bento do Sul U2050 2nd"]
[Site "Sao Bento do Sul"]
[Date "2016.09.16"]
[Round "2.3"]
[White "Goncalves, Ruan Lucas Alves"]
[Black "De Oliveira, Guilherme Alfredo B"]
[Result "1-0"]
[WhiteElo "2001"]
[BlackElo "1783"]
[PlyCount "62"]
[EventDate "2016.09.16"]
[EventType "swiss"]
[EventRounds "7"]
[EventCountry "BRA"]
[SourceTitle "EXT 2022"]
[Source "ChessBase"]
[SourceDate "2021.10.06"]
[SourceVersion "1"]
[SourceVersionDate "2021.10.06"]
[SourceQuality "1"]

1. e4 c5 2. Nf3 d6 3. d4 cxd4 4. Nxd4 Nf6 5. Nc3 a6 6. Bg5 e5 7. Nb3 Be7 8. Bc4 b5 9. Bxf6 bxc4 10. Bxe7 Qxe7 11. Qd5 Ra7 12. Qxc4 Be6 13. Nd5 Qg5 14. Nc7+ Kd7 15. Nxe6 fxe6 16. 0-0 Rc7 17. Qd3 Ke7 18. Rad1 Rd7 19. Rfe1 h5 20. Re3 h4 21. Na5 Qg4 22. h3 Qh5 23. a4 Rhd8 24. Rd2 Qg5 25. Qa3 Qf4 26. Qb4 Ke8 27. c3 Qf7 28. Red3 Qe7 29. c4 g6 30. Qb6 Qg5 31. Nb7 Rc8 1-0

[Event "Sao Paulo op-B 3rd"]
[Site "Sao Paulo"]
[Date "2015.09.19"]
[Round "3"]
[White "Teshima, Ricardo Yoshida"]
[Black "Goncalves, Ruan Lucas Alves"]
[Result "0-1"]
[WhiteElo "1737"]
[BlackElo "1974"]
[PlyCount "86"]
[EventDate "2015.09.17"]
[EventType "swiss"]
[EventRounds "6"]
[EventCountry "BRA"]
[SourceTitle "EXT 2016"]
[Source "ChessBase"]
[SourceDate "2015.10.08"]
[SourceVersion "1"]
[SourceVersionDate "2015.10.08"]
[SourceQuality "1"]

1. e4 d6 2. d4 Nd7 3. Nc3 c5 4. Nf3 cxd4 5. Nxd4 Ngf6 6. Bc4 g6 7. f3 Bg7 8. Be3 0-0 9. Qd2 Ne5 10. Be2 Bd7 11. h4 h5 12. Nd5 Nxd5 13. exd5 Rc8 14. Bh6 Nc4 15. Bxc4 Rxc4 16. Bxg7 Kxg7 17. 0-0-0 Qb6 18. g4 hxg4 19. h5 Rh8 20. hxg6 Qxd4 21. Qe1 Rxh1 22. Qxh1 Qf4+ 23. Kb1 fxg6 24. Re1 Qg5 25. Qh2 g3 26. Qe2 g2 27. Rg1 Rh4 28. b3 Rh1 29. Qd1 Rxg1 30. Qxg1 Qd2 31. Kb2 Bf5 32. Qxa7 Qxc2+ 33. Ka3 Qc5+ 34. Qxc5 dxc5 35. d6 exd6 36. f4 g1Q 37. Ka4 Bd3 38. f5 Qe1 39. Ka3 Qb4+ 40. Kb2 c4 41. f6+ Kh6 42. f7 c3+ 43. Kc1 Qf4+ 0-1

[Event "Florianopolis Cordioli Memorial"]
[Site "Florianopolis"]
[Date "2015.07.04"]
[Round "5"]
[White "Goncalves, Ruan Lucas Alves"]
[Black "Cella, Glaucio Dalla Cortt"]
[Result "0-1"]
[WhiteElo "1976"]
[BlackElo "2018"]
[PlyCount "28"]
[EventDate "2015.07.03"]
[EventType "swiss"]
[EventRounds "7"]
[EventCountry "BRA"]
[SourceTitle "EXT 2016"]
[Source "ChessBase"]
[SourceDate "2015.10.08"]
[SourceVersion "1"]
[SourceVersionDate "2015.10.08"]
[SourceQuality "1"]

1. e4 Nf6 2. Nc3 d5 3. e5 d4 4. exf6 dxc3 5. fxg7 cxd2+ 6. Bxd2 Bxg7 7. Qf3 Bxb2 8. Bc4 Bf6 9. Rd1 Qd4 10. Bxf7+ Kxf7 11. Qh5+ Kg8 12. Be3 Qb4+ 13. Kf1 Nc6 14. Qd5+ Kg7 0-1

[Event "Florianopolis Cordioli Memorial"]
[Site "Florianopolis"]
[Date "2015.07.03"]
[Round "1"]
[White "Goncalves, Ruan Lucas Alves"]
[Black "Reckziegel, Eduardo"]
[Result "1-0"]
[WhiteElo "1976"]
[BlackElo "1632"]
[PlyCount "101"]
[EventDate "2015.07.03"]
[EventType "swiss"]
[EventRounds "7"]
[EventCountry "BRA"]
[SourceTitle "EXT 2016"]
[Source "ChessBase"]
[SourceDate "2015.10.08"]
[SourceVersion "1"]
[SourceVersionDate "2015.10.08"]
[SourceQuality "1"]

1. e4 e6 2. d3 d5 3. Nd2 c5 4. Ngf3 Nc6 5. g3 Nf6 6. Bg2 dxe4 7. dxe4 Be7 8. 0-0 0-0 9. c3 Qc7 10. Qe2 Rd8 11. Nc4 e5 12. Bg5 Bg4 13. Bxf6 Bxf6 14. Ne3 Bxf3 15. Bxf3 Ne7 16. Rad1 Qa5 17. Qc4 Qb6 18. b3 Rac8 19. Ng4 Ng6 20. h4 Nf8 21. Ne3 Qc6 22. Nd5 a6 23. Bg4 b5 24. Qe2 Rb8 25. Rd2 Kh8 26. Rfd1 Rd6 27. Qf3 Rbd8 28. Qe3 g6 29. Qf3 Kg7 30. Qe3 h5 31. Bh3 Nh7 32. Bg2 Qd7 33. Qxc5 Rc8 34. Qe3 Rd8 35. c4 bxc4 36. bxc4 Qa4 37. c5 R6d7 38. Bf3 Nf8 39. Nb6 Qb5 40. Nxd7 Rxd7 41. Rxd7 Nxd7 42. Rc1 Qc6 43. Be2 Be7 44. Qc3 Bxc5 45. Qc4 a5 46. Kg2 Qb6 47. Qb5 Qc7 48. Bd1 Qd6 49. Ba4 Qd4 50. Qxd7 Qxf2+ 51. Kh3 1-0

[Event "Florianopolis op"]
[Site "Florianopolis"]
[Date "2015.01.18"]
[Round "10"]
[White "Goncalves, Ruan Lucas Alves"]
[Black "Paniagua Chnelik, Sebastian"]
[Result "0-1"]
[WhiteElo "1919"]
[BlackElo "2197"]
[PlyCount "68"]
[EventDate "2015.01.14"]
[EventType "swiss"]
[EventRounds "10"]
[EventCountry "BRA"]
[SourceTitle "CBM 164 Extra"]
[Source "ChessBase"]
[SourceDate "2015.03.02"]
[SourceVersion "1"]
[SourceVersionDate "2015.03.02"]
[SourceQuality "1"]

1. e4 e5 2. Nf3 Nc6 3. Bb5 a6 4. Ba4 Nf6 5. 0-0 Be7 6. Re1 b5 7. Bb3 0-0 8. a4 Bb7 9. c3 d5 10. exd5 Nxd5 11. Nxe5 Nxe5 12. Rxe5 Nf4 13. d4 Nxg2 14. Rh5 Nh4 15. Qd3 g6 16. Qg3 Nf3+ 17. Kf1 Bd6 18. Qg4 Qe7 19. Be3 Nxh2+ 20. Rxh2 Bxh2 21. Nd2 Bc8 22. Qg2 Qh4 23. Nf3 Qh5 24. Ke1 Bb7 25. Qxh2 Bxf3 26. Qf4 Qh1+ 27. Kd2 Qxa1 28. Qxf3 Qxb2+ 29. Bc2 b4 30. Qf6 Qxc3+ 31. Kd1 b3 32. Bh6 Qxc2+ 33. Ke1 Rfe8+ 34. Kf1 Qe2+ 0-1

[Event "Florianopolis op"]
[Site "Florianopolis"]
[Date "2015.01.14"]
[Round "2"]
[White "Dias, Anderson Tatsch"]
[Black "Goncalves, Ruan Lucas Alves"]
[Result "1-0"]
[WhiteElo "2212"]
[BlackElo "1919"]
[PlyCount "71"]
[EventDate "2015.01.14"]
[EventType "swiss"]
[EventRounds "10"]
[EventCountry "BRA"]
[SourceTitle "CBM 164 Extra"]
[Source "ChessBase"]
[SourceDate "2015.03.02"]
[SourceVersion "1"]
[SourceVersionDate "2015.03.02"]
[SourceQuality "1"]

1. d4 Nf6 2. c4 g6 3. Nc3 Bg7 4. e4 d6 5. f3 0-0 6. Be3 e5 7. d5 c6 8. Bd3 cxd5 9. cxd5 a6 10. Nge2 Nbd7 11. Qd2 b5 12. 0-0 Nh5 13. a3 f5 14. exf5 gxf5 15. f4 e4 16. Bc2 Nb6 17. b3 Nf6 18. h3 Bd7 19. Rac1 a5 20. Bb1 b4 21. axb4 axb4 22. Na2 Nbxd5 23. Nxb4 Nxe3 24. Qxe3 Qa5 25. Nc6 Nd5 26. Qf2 Qa6 27. Ncd4 Rac8 28. Rfd1 Nb4 29. Rxc8 Rxc8 30. Ng3 Qa5 31. Nh5 Bxd4 32. Qxd4 Qc5 33. Qxc5 Rxc5 34. Nf6+ Kf7 35. Nxd7 Rc6 36. g4 1-0

[Event "BRA-ch U20"]
[Site "Blumenau"]
[Date "2014.12.13"]
[Round "5"]
[White "Carneiro, Vitor Roberto Castr"]
[Black "Goncalves, Ruan Lucas Alves"]
[Result "1-0"]
[WhiteElo "2302"]
[BlackElo "1884"]
[PlyCount "45"]
[EventDate "2014.12.11"]
[EventType "swiss"]
[EventRounds "7"]
[EventCountry "BRA"]
[SourceTitle "EXT 2016"]
[Source "ChessBase"]
[SourceDate "2015.10.08"]
[SourceVersion "1"]
[SourceVersionDate "2015.10.08"]
[SourceQuality "1"]

1. Nf3 c5 2. c4 Nc6 3. Nc3 e5 4. e3 g6 5. d4 cxd4 6. exd4 exd4 7. Nxd4 Nf6 8. Ndb5 d6 9. Bg5 Be7 10. c5 dxc5 11. Qxd8+ Kxd8 12. Nd6 Be6 13. 0-0-0 Nd4 14. Nxb7+ Kc7 15. Nxc5 Nf5 16. Bf4+ Kc6 17. Nxe6 fxe6 18. Bb5+ Kb6 19. Rhe1 Ng7 20. Bh6 Rhg8 21. Bxg7 Rxg7 22. Rxe6+ Kc5 23. Rc6+ 1-0

[Event "BRA-ch U20"]
[Site "Blumenau"]
[Date "2014.12.13"]
[Round "4"]
[White "Goncalves, Ruan Lucas Alves"]
[Black "De Borba, Guilherme"]
[Result "1/2-1/2"]
[WhiteElo "1884"]
[BlackElo "1765"]
[PlyCount "65"]
[EventDate "2014.12.11"]
[EventType "swiss"]
[EventRounds "7"]
[EventCountry "BRA"]
[SourceTitle "EXT 2016"]
[Source "ChessBase"]
[SourceDate "2015.10.08"]
[SourceVersion "1"]
[SourceVersionDate "2015.10.08"]
[SourceQuality "1"]

1. e4 c5 2. Nf3 d6 3. d4 cxd4 4. Nxd4 Nf6 5. Nc3 a6 6. Bc4 e6 7. Bb3 Be7 8. Qf3 0-0 9. Qg3 Nc6 10. Nxc6 bxc6 11. 0-0 Kh8 12. Kh1 e5 13. f4 Nh5 14. Qf3 Nxf4 15. Bxf4 exf4 16. Qxf4 Bf6 17. Qd2 Qe7 18. Rad1 Be5 19. h3 Rb8 20. Rf3 Be6 21. Rdf1 Rb7 22. Qe2 Ra7 23. Qf2 Rb7 24. Qe2 Ra7 25. Nd1 a5 26. Qe3 c5 27. Qe2 Raa8 28. Bc4 Kg8 29. Bb5 Qh4 30. Bc4 Qe7 31. Bb5 Qh4 32. Bc4 Qe7 33. Bb5 1/2-1/2